000
00268nam a2200097Ia 4500
001
641983
005
20250826153518.0
008
250824s9999 xx 000 0 und d
245
0
_a
LEVENT TÜRKİYEYİ GEZİYORUM 22 ERZURUM DA
_c
MUSTAFA ORAKÇI
260
_b
TİMAŞ ÇOCUK
999
_c
641983
_d
641983